| 000 | 02923cam a2200709 a 4500 | ||
|---|---|---|---|
| 001 | 21399 | ||
| 003 | VRT | ||
| 005 | 20260228140609.0 | ||
| 008 | 250312s1947 xo g 000 p slo | ||
| 015 | _aSNBA19451955-013860 | ||
| 035 | _aSK01SNKBKSFS20010098743 | ||
| 035 | _aurn:nbn:sk:snk-am3hrej | ||
| 035 | _a877590B0-D06C-4305-9D00-9DB8C40F1586 | ||
| 035 | _aurn:nbn:sk:snk-am00d6lq | ||
| 035 | _aSKM000101206 | ||
| 039 | 9 |
_a202503121333 _bVLOAD _c202401190948 _dAUTHORITY _c202401150912 _dAUTHORITY _c202401150852 _dAUTHORITY |
|
| 040 |
_aSNK _bslo _cSNK _eAACR2 |
||
| 041 | 1 |
_aslo _hrus |
|
| 044 |
_axo _cSK |
||
| 072 | 7 |
_a821.161.1 _xRuská literatúra _2konspekt |
|
| 080 |
_a821.161.1-1 _22011 |
||
| 245 | 0 | 0 |
_aZ ruskej poézie _bvýber z lyriky _cpreložil Ján Poničan |
| 250 | _a1. vyd. | ||
| 260 |
_aTurčiansky Sv. Martin _bMatica slovenská _c1947 _eTurčiansky Sv. Martin _fNeografia |
||
| 300 |
_a98, [6] s. _c8° |
||
| 490 | 1 |
_aSlovanská knižnica _vsv. 6 |
|
| 500 | _aVysvetlivky | ||
| 505 | 0 | _aPreklad z ruštiny | |
| 655 | 7 |
_aruská poézia _2SNKPH |
|
| 655 | 7 |
_aRussian poetry _2SNKPHeng |
|
| 700 | 1 |
_aPoničan, Ján, _d1902-1978 _4trl |
|
| 700 | 1 |
_aPuškin, Aleksandr Sergejevič, _d1799-1837 _4ctb |
|
| 700 | 1 |
_aLermontov, Michail Jurievič, _d1814-1841 _4ctb |
|
| 700 | 1 |
_aKazin, Vasilij Vasilievič, _d1898-1981 _4ctb |
|
| 700 | 1 |
_aKirillov, Vladimir Timofejevič, _d1890-1943 _4ctb |
|
| 700 |
_aBezymenskij, Aleksandr Il'jič, _d1898-1973 _4ctb |
||
| 700 | 1 |
_aNekrasov, Nikolaj Aleksejevič, _d1821-1878 _4ctb |
|
| 700 | 1 |
_aInber, Vera Michajlovna, _d1890-1972 _4ctb |
|
| 700 | 1 |
_aMajakovskij, Vladimir Vladimirovič, _d1893-1930 _4ctb |
|
| 700 | 1 |
_aPasternak, Boris Leonidovič, _d1890-1960 _4ctb |
|
| 700 | 1 |
_aBiednyi, Demian, _d1883-1945 _4ctb |
|
| 700 | 1 |
_aSvietlov, Nikolaj _4ctb |
|
| 700 | 1 |
_aKornilov, Boris Petrovič, _d1907-1938 _4ctb |
|
| 700 | 1 |
_aSajanov, Vladimir _4ctb |
|
| 700 | 1 |
_aSurkov, Aleksej Aleksandrovič, _d1899-1983 _4ctb |
|
| 700 | 1 |
_aŽarov, Aleksandr Aleksejevič, _d1904-1984 _4ctb |
|
| 700 | 1 |
_aSedych, Nikolaj _4ctb |
|
| 700 | 1 |
_aGriebcov, Igor _4ctb |
|
| 700 | 1 |
_aBrtáň, Rudo, _d1907-1998 _4red |
|
| 700 | 1 |
_aŠulc, Dušan, _d1912-1995 _4edt |
|
| 700 | 1 |
_aFulla, Ľudovít, _d1902-1980 _4bjd |
|
| 830 | 0 | _aSlovanská knižnica | |
| 942 |
_2ddc _cKLDO _n0 |
||
| 949 |
_63869A05641 _abpksh882-1 _bbpksh23286 |
||
| 949 |
_6270001000655394 _asvkbbS 57432 _bsvkbbm 35132 _pProveniencia: Peč.: Mestská Verejná Knižnica Banská Bystrica. -- Krajská ľudová knižnica Banská Bystrica |
||
| 949 |
_617A0425272 _asnkSD 5556/6 D1 _bsnkF 5061/65 |
||
| 949 |
_617A0560100 _asnkSD 5556/6 D2 _bsnkF 5062/65 |
||
| 949 |
_63830001094389 _akurukSK-1617 _bkuruk2014/F5974 |
||
| 949 |
_617A0908887 _asnkSD 5556/6 _bsnk3065/47 _osnkI. 789/47 - druhé ev. č. _s6100:20181113 |
||
| 999 |
_c21399 _d21399 |
||